|
|
|
|
| LEADER |
02648nam a2200565 i 4500 |
| 001 |
32770 |
| 003 |
BD-DhAAL |
| 005 |
20260301101502.0 |
| 008 |
180320t2014 bg ab b 001 0 eng |
| 010 |
|
|
|a 2014359721
|
| 020 |
|
|
|a 9789843381712
|
| 020 |
|
|
|a 9843381718
|
| 025 |
|
|
|a B-E-2014359721
|
| 035 |
|
|
|a (OCoLC)908167429
|
| 037 |
|
|
|b Library of Congress -- New Delhi Overseas Office
|
| 040 |
|
|
|a DLC
|b eng
|e rda
|c DLC
|d INU
|d DKAGE
|d OCLCF
|d YDXCP
|d OCL
|d BD-DhAAL
|
| 042 |
|
|
|a lcode
|a pcc
|
| 043 |
|
|
|a a-bg---
|
| 050 |
0 |
0 |
|a DS396.9.P35
|b H35 2014
|
| 082 |
0 |
4 |
|a 934.924
|2 23
|
| 100 |
1 |
|
|a Haque, Enamul,
|d 1936-
|9 25207
|
| 245 |
1 |
0 |
|a Paharpur alias Somapura Mahavihara :
|b a world cultural heritage site /
|c Enamul Haque.
|
| 260 |
|
|
|a Dhaka :
|b The International Centre for Study of Bengal Art,
|c c2014.
|
| 300 |
|
|
|a 616 pages :
|b illustrations (some colors), maps ;
|c 31 cm
|
| 490 |
1 |
|
|a Studies in Bengal Art Series ;
|v no. 12
|
| 500 |
|
|
|a With 504 illustrations.
|
| 504 |
|
|
|a Includes bibliographical references and index.
|
| 520 |
|
|
|a A comprehensive volume on Paharpur Site (Somapura Mahavihara), one of the best known Buddhist viharas in the sub-continent.
|
| 526 |
|
|
|a AAL
|
| 541 |
|
|
|a Complimentary copy from the International Centre for Study of Bengal Art.
|e 32770
|
| 546 |
|
|
|a In English.
|
| 650 |
|
0 |
|a Excavations (Archaeology)
|z Bangladesh
|z Rājshāhi District.
|9 25208
|
| 650 |
|
0 |
|a Buddhist temples
|z Bangladesh
|z Rājshāhi District.
|9 25209
|
| 650 |
|
0 |
|a Buddhist relief (Sculpture)
|z Bangladesh
|z Rājshāhi District.
|9 25210
|
| 650 |
|
0 |
|a World Heritage areas
|z Bangladesh
|z Rājshāhi District.
|9 25211
|
| 650 |
|
7 |
|a Antiquities
|x Collection and preservation.
|2 fast
|9 25212
|
| 650 |
|
7 |
|a Buddhist relief (Sculpture)
|2 fast
|9 25213
|
| 650 |
|
7 |
|a Buddhist temples.
|2 fast
|9 25214
|
| 650 |
|
7 |
|a Excavations (Archaeology)
|2 fast
|9 25215
|
| 650 |
|
7 |
|a World Heritage areas.
|2 fast
|9 25216
|
| 651 |
|
0 |
|a Paharpur Site (Bangladesh)
|9 25217
|
| 651 |
|
0 |
|a Rājshāhi District (Bangladesh)
|x Antiquities
|x Collection and preservation.
|9 25218
|
| 651 |
|
7 |
|a Bangladesh
|z Paharpur Site.
|2 fast
|9 25219
|
| 651 |
|
7 |
|a Bangladesh
|z Rājshāhi District.
|2 fast
|9 25220
|
| 710 |
2 |
|
|a International Centre for Study of Bengal Art,
|e publisher.
|9 25221
|
| 830 |
|
0 |
|a Studies in Bengal art series ;
|v no. 12.
|9 25222
|
| 852 |
|
|
|a Ayesha Abed Library
|c General Stacks
|
| 942 |
|
|
|2 ddc
|c BK
|
| 999 |
|
|
|c 39161
|d 39161
|
| 952 |
|
|
|0 0
|1 0
|2 ddc
|4 0
|6 934_924000000000000_HAQ
|7 0
|9 62986
|a BRACUL
|b BRACUL
|c GEN
|d 2018-03-20
|e Complimentary copy from the International Centre for Study of Bengal Art.
|l 0
|o 934.924 HAQ
|p 3010032770
|r 2018-03-20
|t 1
|w 2018-03-20
|y BK
|